[Event "Scarborough CC Falling Leaves U1400"]
[Site "Toronto CAN"]
[Date "2011.12.01"]
[Round "5"]
[White "Ming, Qing"]
[Black "Pakerathan, Thurvan"]
[Result "1-0"]
[WhiteElo "1147"]
[BlackElo "1096"]
[PlyCount "94"]
[GameId "2160767909639445"]
[EventDate "2011.11.03"]
[EventType "swiss"]
[EventRounds "7"]
[EventCountry "CAN"]
[SourceTitle "EXT 2022"]
[Source "ChessBase"]
[SourceDate "2021.10.06"]
[SourceVersion "1"]
[SourceVersionDate "2021.10.06"]
[SourceQuality "1"]

1. g3 e5 2. Bg2 Nc6 3. d3 Bb4+ 4. Bd2 a5 5. a3 Bc5 6. Nc3 Nf6 7. Ne4 d5 8. Nxc5 b6 9. Nb3 a4 10. Nc1 Ng4 11. h3 Nh6 12. c4 Be6 13. Nf3 O-O 14. Bxh6 gxh6 15. O-O dxc4 16. d4 Ra5 17. e3 e4 18. Nh4 Qd5 19. f3 f5 20. fxe4 fxe4 21. Rxf8+ Kxf8 22. Qf1+ Ke7 23. Ne2 Qh5 24. Rb1 Qd5 25. Nc3 Qg5 26. Nxe4 Qxe3+ 27. Qf2 Qxd4 28. Rf1 Qxf2+ 29. Rxf2 Ne5 30. Nf5+ Bxf5 31. Rxf5 Ke6 32. Rf6+ Kd5 33. Nc3+ Kd4 34. Rxh6 Nd3 35. Rh4+ Ke3 36. Rxc4 Nxb2 37. Rxc7 Rc5 38. Rxc5 bxc5 39. Nxa4 Nxa4 40. Kf1 c4 41. Bd5 c3 42. Bb3 Nc5 43. Bd1 Kd2 44. a4 Nxa4 45. Bxa4 h5 46. g4 c2 47. Bxc2 Kxc2 1-0

[Event "Scarborough CC Falling Leaves U1400"]
[Site "Toronto CAN"]
[Date "2011.12.01"]
[Round "5"]
[White "Ming, Wenyang"]
[Black "Guo, Thomas"]
[Result "1-0"]
[WhiteElo "1215"]
[BlackElo "1038"]
[PlyCount "117"]
[GameId "2160767909639446"]
[EventDate "2011.11.03"]
[EventType "swiss"]
[EventRounds "7"]
[EventCountry "CAN"]
[SourceTitle "EXT 2022"]
[Source "ChessBase"]
[SourceDate "2021.10.06"]
[SourceVersion "1"]
[SourceVersionDate "2021.10.06"]
[SourceQuality "1"]

1. e4 b6 2. d4 Bb7 3. Nc3 e6 4. Nf3 Bb4 5. Bd3 d5 6. e5 c5 7. a3 Bxc3+ 8. bxc3 c4 9. Be2 f6 10. O-O Nd7 11. Re1 Qc7 12. Bf1 O-O-O 13. exf6 Ngxf6 14. Rxe6 Rhe8 15. Ng5 Nf8 16. Rxe8 Rxe8 17. Qf3 Ng6 18. Qf5+ Kd8 19. Ne6+ Rxe6 20. Qxe6 Bc8 21. Qe2 Ng4 22. Bg5+ Ne7 23. Bxe7+ Qxe7 24. Qxe7+ Kxe7 25. Re1+ Be6 26. g3 Kf6 27. Bh3 Bf5 28. f3 Nh6 29. g4 Bxc2 30. Re5 Nf7 31. Rxd5 Ke6 32. Rh5 Ke7 33. Bf1 Bd3 34. Bxd3 cxd3 35. Kf2 g6 36. Rxh7 Kf6 37. Rxf7+ Kxf7 38. Ke3 Kf6 39. f4 a5 40. Kxd3 b5 41. c4 b4 42. axb4 a4 43. Kc3 a3 44. Kb3 g5 45. f5 a2 46. Kxa2 Ke7 47. d5 Kd7 48. c5 Kc7 49. b5 Kb7 50. d6 Kc8 51. c6 Kd8 52. b6 Kc8 53. c7 Kb7 54. f6 Kxb6 55. c8=Q Kb5 56. d7 Kb4 57. d8=Q Kb5 58. Qb7+ Kc5 59. Qdd5# 1-0

[Event "Scarborough CC Falling Leaves U1400"]
[Site "Toronto CAN"]
[Date "2011.12.01"]
[Round "5"]
[White "Stroempl, Hedi"]
[Black "Maurer, Hans"]
[Result "1-0"]
[WhiteElo "1073"]
[BlackElo "991"]
[PlyCount "105"]
[GameId "2160767909639449"]
[EventDate "2011.11.03"]
[EventType "swiss"]
[EventRounds "7"]
[EventCountry "CAN"]
[SourceTitle "EXT 2022"]
[Source "ChessBase"]
[SourceDate "2021.10.06"]
[SourceVersion "1"]
[SourceVersionDate "2021.10.06"]
[SourceQuality "1"]

1. e4 e5 2. Nf3 c5 3. Nxe5 Nc6 4. Nf3 Nf6 5. d3 d5 6. e5 Qe7 7. Qe2 Ng4 8. h3 Ngxe5 9. b3 Be6 10. c4 f6 11. a3 Qd6 12. Nbd2 O-O-O 13. Bb2 Be7 14. Rd1 Bf5 15. Nxe5 Nxe5 16. Nf3 Nxd3+ 17. Rxd3 Bxd3 18. Qxd3 Rde8 19. Be2 g6 20. O-O Bd8 21. Re1 d4 22. b4 Bc7 23. b5 b6 24. g3 Re6 25. Bc1 Bd8 26. Bd2 f5 27. Bf4 Qf8 28. Kf1 Bc7 29. Ng5 Bxf4 30. Nxe6 Qh6 31. gxf4 Qh4 32. Qg3 Qf6 33. Bd3 Re8 34. Ng5 Rh8 35. Qg2 Kc7 36. Ne6+ Kb8 37. Qg5 Qxg5 38. fxg5 h6 39. h4 hxg5 40. hxg5 Rh1+ 41. Ke2 Rh3 42. Nf4 Rh4 43. Nxg6 Rg4 44. f4 Rg3 45. Ne5 Kc7 46. Bxf5 Kd6 47. Kf2 Rxa3 48. g6 Ra2+ 49. Kf3 Ra3+ 50. Kg4 Ra2 51. Kg5 Rg2+ 52. Kf6 d3 53. Nxd3 1-0

[Event "Scarborough CC Falling Leaves U1400"]
[Site "Toronto CAN"]
[Date "2011.12.01"]
[Round "5"]
[White "Thanabalachandran, Luxiga"]
[Black "Souchko, Larissa"]
[Result "0-1"]
[WhiteElo "894"]
[BlackElo "1157"]
[PlyCount "60"]
[GameId "2160767909639450"]
[EventDate "2011.11.03"]
[EventType "swiss"]
[EventRounds "7"]
[EventCountry "CAN"]
[SourceTitle "EXT 2022"]
[Source "ChessBase"]
[SourceDate "2021.10.06"]
[SourceVersion "1"]
[SourceVersionDate "2021.10.06"]
[SourceQuality "1"]

1. e4 c5 2. Nf3 Nc6 3. d4 cxd4 4. Nxd4 Nf6 5. Nc3 e5 6. Nxc6 bxc6 7. Bg5 Bb4 8. Bd3 O-O 9. O-O Bxc3 10. bxc3 h6 11. Bxf6 Qxf6 12. Rb1 Qg6 13. h3 Kh8 14. Qf3 a5 15. a4 f5 16. exf5 Rxf5 17. Qd1 e4 18. Bc4 d5 19. Be2 Rg5 20. g4 h5 21. f3 Qd6 22. fxe4 Qg3+ 23. Kh1 Qxh3+ 24. Kg1 Bxg4 25. Bxg4 Rxg4+ 26. Kf2 Rf8+ 27. Ke2 Rg2+ 28. Rf2 Qf3+ 29. Ke1 Rxf2 30. Qd3 Qh1+ 0-1

[Event "Scarborough CC Falling Leaves U1400"]
[Site "Toronto CAN"]
[Date "2011.12.01"]
[Round "5"]
[White "Verde, Pino"]
[Black "Wang, Eric1"]
[Result "0-1"]
[WhiteElo "1643"]
[BlackElo "1501"]
[PlyCount "86"]
[GameId "2160767909639451"]
[EventDate "2011.11.03"]
[EventType "swiss"]
[EventRounds "7"]
[EventCountry "CAN"]
[SourceTitle "EXT 2022"]
[Source "ChessBase"]
[SourceDate "2021.10.06"]
[SourceVersion "1"]
[SourceVersionDate "2021.10.06"]
[SourceQuality "1"]

1. Nf3 Nf6 2. b4 e6 3. a3 c5 4. c3 d5 5. Bb2 Nc6 6. bxc5 Bxc5 7. d4 Bd6 8. Nbd2 Bd7 9. e3 Rc8 10. Rc1 Na5 11. Ne5 b5 12. g4 Nc4 13. Ndxc4 bxc4 14. g5 Ng8 15. Qf3 Bxe5 16. dxe5 Qxg5 17. Qg3 Qxg3 18. hxg3 Rb8 19. Rc2 Ba4 20. Rd2 Ne7 21. e4 Bb3 22. exd5 Nxd5 23. Bg2 O-O 24. Bxd5 exd5 25. f4 Ba4 26. Rhh2 Rb3 27. Rxd5 Bc6 28. Rc5 Bb5 29. a4 Ba6 30. Ra5 Bb7 31. Rxa7 Be4 32. Rd2 Bd3 33. a5 h6 34. Kd1 Rfb8 35. Kc1 Rxc3+ 36. Kd1 Rcb3 37. Rxd3 Rxd3+ 38. Kc2 Rxg3 39. Bd4 c3 40. a6 Rb2+ 41. Kc1 Ra2 42. Ra8+ Kh7 43. a7 Rf3 0-1

[Event "Scarborough CC Falling Leaves U1400"]
[Site "Toronto CAN"]
[Date "2011.12.08"]
[Round "6"]
[White "Chen, George"]
[Black "Mendrinos, Ari"]
[Result "1-0"]
[WhiteElo "1227"]
[BlackElo "1393"]
[PlyCount "109"]
[GameId "2160767909639452"]
[EventDate "2011.11.03"]
[EventType "swiss"]
[EventRounds "7"]
[EventCountry "CAN"]
[SourceTitle "EXT 2022"]
[Source "ChessBase"]
[SourceDate "2021.10.06"]
[SourceVersion "1"]
[SourceVersionDate "2021.10.06"]
[SourceQuality "1"]

1. d4 Nf6 2. c4 g6 3. Nf3 Bg7 4. g3 O-O 5. Bg2 d6 6. O-O c6 7. Nc3 Re8 8. Bg5 Nbd7 9. Qc1 Qc7 10. Bh6 Ng4 11. Bxg7 Kxg7 12. h3 Ngf6 13. b3 a6 14. Re1 e5 15. e3 exd4 16. Nxd4 Ne5 17. Qd1 c5 18. Nf3 Nxf3+ 19. Qxf3 Rb8 20. Qd1 Bd7 21. Qc1 Bc6 22. Bxc6 Qxc6 23. Qb2 Kg8 24. Rad1 Rbd8 25. Nd5 Nxd5 26. Rxd5 Re6 27. h4 Rde8 28. Red1 Rd8 29. Qa1 Qc7 30. Qc3 b6 31. Qb2 Re5 32. Rxe5 dxe5 33. Rxd8+ Qxd8 34. Qxe5 h5 35. Qd5 Qxd5 36. cxd5 Kf8 37. Kf1 Ke7 38. Ke2 Kd6 39. e4 b5 40. Kd3 a5 41. f3 f6 42. f4 f5 43. e5+ Kxd5 44. a4 bxa4 45. bxa4 c4+ 46. Kc3 Kc5 47. e6 Kd6 48. Kxc4 Kxe6 49. Kc5 Kd7 50. Kb5 Kc7 51. Kxa5 Kb7 52. Kb5 Kc7 53. a5 Kb7 54. a6+ Kc7 55. Kc5 1-0

[Event "Scarborough CC Falling Leaves U1400"]
[Site "Toronto CAN"]
[Date "2011.12.08"]
[Round "6"]
[White "Jimenez, Michael"]
[Black "Pakerathan, Thurvan"]
[Result "1-0"]
[WhiteElo "838"]
[BlackElo "1096"]
[PlyCount "49"]
[GameId "2160767909639455"]
[EventDate "2011.11.03"]
[EventType "swiss"]
[EventRounds "7"]
[EventCountry "CAN"]
[SourceTitle "EXT 2022"]
[Source "ChessBase"]
[SourceDate "2021.10.06"]
[SourceVersion "1"]
[SourceVersionDate "2021.10.06"]
[SourceQuality "1"]

1. e4 e5 2. Nf3 Nc6 3. Bb5 d6 4. Nc3 a6 5. Ba4 Be6 6. d4 b5 7. Bb3 Bxb3 8. axb3 b4 9. Nd5 Nf6 10. Bg5 h6 11. Bh4 g5 12. Bg3 Nh5 13. Qd3 a5 14. Qc4 Qd7 15. dxe5 Ra7 16. O-O Nxg3 17. fxg3 Nxe5 18. Qd4 Qe6 19. Qxa7 Nxf3+ 20. Rxf3 Qxe4 21. Re3 Qxe3+ 22. Qxe3+ Kd7 23. Rxa5 Bg7 24. Qe7+ Kc6 25. Qxc7# 1-0

[Event "Scarborough CC Falling Leaves U1400"]
[Site "Toronto CAN"]
[Date "2011.12.08"]
[Round "6"]
[White "Liao, Jacky"]
[Black "Thornton, Bill"]
[Result "0-1"]
[WhiteElo "1281"]
[BlackElo "1290"]
[PlyCount "66"]
[GameId "2160767909639456"]
[EventDate "2011.11.03"]
[EventType "swiss"]
[EventRounds "7"]
[EventCountry "CAN"]
[SourceTitle "EXT 2022"]
[Source "ChessBase"]
[SourceDate "2021.10.06"]
[SourceVersion "1"]
[SourceVersionDate "2021.10.06"]
[SourceQuality "1"]

1. e4 e5 2. Nf3 Nc6 3. Bb5 a6 4. Ba4 b5 5. Bb3 Be7 6. O-O Nf6 7. Re1 O-O 8. d4 exd4 9. e5 Ne8 10. Nxd4 Na5 11. Bd5 c6 12. Be4 Bb7 13. Bxh7+ Kxh7 14. Qh5+ Kg8 15. Re3 g6 16. Qg4 Bg5 17. f4 Bh6 18. Rh3 Bg7 19. f5 Qe7 20. Bg5 Qxe5 21. Qh4 Qxd4+ 22. Qxd4 Bxd4+ 23. Kf1 Bxb2 24. Be7 Ng7 25. f6 Nh5 26. c3 Bxa1 27. g4 Nf4 28. Rh6 Nd5 29. h4 Nxe7 30. fxe7 Rfe8 31. h5 Kg7 32. g5 gxh5 33. Rxh5 Rh8 0-1

[Event "Scarborough CC Falling Leaves U1400"]
[Site "Toronto CAN"]
[Date "2011.12.08"]
[Round "6"]
[White "Maurer, Hans"]
[Black "Lu, Leo"]
[Result "0-1"]
[WhiteElo "991"]
[BlackElo "973"]
[PlyCount "78"]
[GameId "2160767909639459"]
[EventDate "2011.11.03"]
[EventType "swiss"]
[EventRounds "7"]
[EventCountry "CAN"]
[SourceTitle "EXT 2022"]
[Source "ChessBase"]
[SourceDate "2021.10.06"]
[SourceVersion "1"]
[SourceVersionDate "2021.10.06"]
[SourceQuality "1"]

1. e4 e5 2. Nf3 Nc6 3. Bc4 Bc5 4. d3 d6 5. h3 Nf6 6. Ng5 Be6 7. Nc3 h6 8. Bxe6 fxe6 9. Nxe6 Qe7 10. Nxc5 dxc5 11. Be3 O-O-O 12. O-O c4 13. Qe2 Nd4 14. Bxd4 Rxd4 15. dxc4 Rhd8 16. Rad1 Qb4 17. b3 Qxc3 18. Rd3 Rxd3 19. cxd3 g5 20. Rd1 Kb8 21. Qf3 Rf8 22. Qe3 b6 23. d4 Qc2 24. Qd3 Qxd3 25. Rxd3 Nxe4 26. f3 Ng3 27. Kh2 Nf1+ 28. Kg1 Ng3 29. dxe5 Ne2+ 30. Kh2 Nf4 31. Re3 Kc8 32. g3 Ne6 33. Re4 Rd8 34. Re2 Rf8 35. Re3 Kd7 36. Rd3+ Kc6 37. Kg2 Kc5 38. a3 c6 39. g4 Nf4+ 0-1

[Event "Scarborough CC Falling Leaves U1400"]
[Site "Toronto CAN"]
[Date "2011.12.08"]
[Round "6"]
[White "Ming, Wenyang"]
[Black "Deng, Yi"]
[Result "1-0"]
[WhiteElo "1215"]
[BlackElo "1027"]
[PlyCount "33"]
[GameId "2160767909639460"]
[EventDate "2011.11.03"]
[EventType "swiss"]
[EventRounds "7"]
[EventCountry "CAN"]
[SourceTitle "EXT 2022"]
[Source "ChessBase"]
[SourceDate "2021.10.06"]
[SourceVersion "1"]
[SourceVersionDate "2021.10.06"]
[SourceQuality "1"]

1. e4 e5 2. Nf3 Nc6 3. Bc4 Bc5 4. Nc3 Nf6 5. d3 O-O 6. Bg5 Be7 7. Be3 d6 8. Qd2 Bg4 9. O-O-O Bxf3 10. gxf3 Nd4 11. f4 c6 12. h4 h6 13. f5 d5 14. Bxh6 gxh6 15. Qxh6 Nh7 16. Rhg1+ Kh8 17. Qg7# 1-0

[Event "Scarborough CC Falling Leaves U1400"]
[Site "Toronto CAN"]
[Date "2011.12.08"]
[Round "6"]
[White "Paraparan, Varshini"]
[Black "Balendra, Harigaran"]
[Result "1-0"]
[WhiteElo "978"]
[BlackElo "1221"]
[PlyCount "121"]
[GameId "2160767909639462"]
[EventDate "2011.11.03"]
[EventType "swiss"]
[EventRounds "7"]
[EventCountry "CAN"]
[SourceTitle "EXT 2022"]
[Source "ChessBase"]
[SourceDate "2021.10.06"]
[SourceVersion "1"]
[SourceVersionDate "2021.10.06"]
[SourceQuality "1"]

1. e4 e5 2. Nf3 Nc6 3. Bb5 a6 4. Ba4 Nf6 5. O-O Bc5 6. Bxc6 dxc6 7. Nxe5 O-O 8. d3 Re8 9. Nf3 Bg4 10. Bg5 h6 11. Bh4 Qd6 12. d4 Bxd4 13. Qxd4 Bxf3 14. Qxd6 cxd6 15. gxf3 g5 16. Bg3 d5 17. exd5 Nxd5 18. c4 Nb4 19. Nc3 f5 20. h3 f4 21. Bh2 Nc2 22. Rad1 Rad8 23. Kh1 Nd4 24. Rd3 Ne6 25. Rxd8 Rxd8 26. Ne4 Kf7 27. Rg1 Nd4 28. Rd1 Ke7 29. Rd3 b5 30. cxb5 axb5 31. h4 Rd5 32. hxg5 hxg5 33. Nxg5 Rxg5 34. Rxd4 Rc5 35. Bxf4 Rc2 36. Rd2 Rc4 37. Bd6+ Ke6 38. f4 c5 39. Kg2 Kf5 40. Rd5+ Ke4 41. Rxc5 Rd4 42. Re5+ Kxf4 43. Rd5+ Ke4 44. Rxd4+ Kxd4 45. f4 Ke4 46. Kg3 Kf5 47. b3 Kf6 48. a4 bxa4 49. bxa4 Ke6 50. Ba3 Kd7 51. a5 Kc7 52. f5 Kd7 53. a6 Kc8 54. f6 Kb8 55. f7 Ka7 56. f8=Q Kxa6 57. Qc5 Kb7 58. Qd6 Ka7 59. Qc6 Kb8 60. Qd7 Ka8 61. Bc5 1-0

[Event "Scarborough CC Falling Leaves U1400"]
[Site "Toronto CAN"]
[Date "2011.12.08"]
[Round "6"]
[White "Patel, Alay"]
[Black "Stroempl, Hedi"]
[Result "0-1"]
[WhiteElo "903"]
[BlackElo "1073"]
[PlyCount "46"]
[GameId "2160767909639463"]
[EventDate "2011.11.03"]
[EventType "swiss"]
[EventRounds "7"]
[EventCountry "CAN"]
[SourceTitle "EXT 2022"]
[Source "ChessBase"]
[SourceDate "2021.10.06"]
[SourceVersion "1"]
[SourceVersionDate "2021.10.06"]
[SourceQuality "1"]

1. e3 c5 2. Bc4 e6 3. Nf3 d5 4. Bd3 c4 5. Be2 Be7 6. Ne5 g6 7. O-O Nd7 8. Nf3 Ngf6 9. b3 b5 10. Na3 Bxa3 11. Bxa3 Qa5 12. Bb2 O-O 13. bxc4 bxc4 14. Ng5 h6 15. Bc3 Qc7 16. Nf3 Ne4 17. Bb2 Rb8 18. Ba3 Re8 19. d3 Nc3 20. Qd2 Qa5 21. Bd6 Rb6 22. Bf4 Kh7 23. dxc4 Ba6 0-1

[Event "Scarborough CC Falling Leaves U1400"]
[Site "Toronto CAN"]
[Date "2011.12.08"]
[Round "6"]
[White "Pulogarajah, Kaarthic"]
[Black "Roy, Harrison"]
[Result "1-0"]
[WhiteElo "1023"]
[BlackElo "915"]
[PlyCount "39"]
[GameId "2160767909639464"]
[EventDate "2011.11.03"]
[EventType "swiss"]
[EventRounds "7"]
[EventCountry "CAN"]
[SourceTitle "EXT 2022"]
[Source "ChessBase"]
[SourceDate "2021.10.06"]
[SourceVersion "1"]
[SourceVersionDate "2021.10.06"]
[SourceQuality "1"]

1. e4 e6 2. d4 d5 3. exd5 exd5 4. Nc3 Nc6 5. a3 Nf6 6. Nf3 Bg4 7. Bb5 Qe7+ 8. Be3 O-O-O 9. Bxc6 bxc6 10. O-O Ne4 11. Nxe4 dxe4 12. h3 exf3 13. hxg4 fxg2 14. Kxg2 Qe4+ 15. Qf3 Qxc2 16. b4 Rd5 17. Rfc1 Qg6 18. b5 Rh5 19. Rxc6 Qg5 20. Bxg5 1-0

[Event "Scarborough CC Falling Leaves U1400"]
[Site "Toronto CAN"]
[Date "2011.12.08"]
[Round "6"]
[White "Roy, Lawrence"]
[Black "Thanabalachandran, Luxiga"]
[Result "0-1"]
[WhiteElo "1053"]
[BlackElo "894"]
[PlyCount "62"]
[GameId "2160767909639465"]
[EventDate "2011.11.03"]
[EventType "swiss"]
[EventRounds "7"]
[EventCountry "CAN"]
[SourceTitle "EXT 2022"]
[Source "ChessBase"]
[SourceDate "2021.10.06"]
[SourceVersion "1"]
[SourceVersionDate "2021.10.06"]
[SourceQuality "1"]

1. e4 e6 2. d4 d5 3. exd5 exd5 4. Nf3 Nc6 5. Nc3 Nf6 6. Be2 Bb4 7. Bd2 O-O 8. a3 Bxc3 9. Bxc3 Bg4 10. O-O Re8 11. Re1 Ne4 12. Bd2 Bxf3 13. Bxf3 Nxd4 14. Bxe4 Rxe4 15. Rxe4 dxe4 16. Qc1 Ne2+ 17. Kf1 Nxc1 18. Rxc1 Qxd2 19. Re1 Qxc2 20. f3 exf3 21. gxf3 Qd3+ 22. Kf2 Qd2+ 23. Kf1 Qxb2 24. a4 Qxh2 25. f4 Qxf4+ 26. Kg1 Qxa4 27. Kf1 Re8 28. Rc1 Qa6+ 29. Kf2 Qe2+ 30. Kg3 Qe3+ 31. Kg2 Qxc1 0-1

[Event "Scarborough CC Falling Leaves U1400"]
[Site "Toronto CAN"]
[Date "2011.12.08"]
[Round "6"]
[White "Souchko, Larissa"]
[Black "Dattani, Dinesh"]
[Result "0-1"]
[WhiteElo "1157"]
[BlackElo "1257"]
[PlyCount "54"]
[GameId "2160767909639466"]
[EventDate "2011.11.03"]
[EventType "swiss"]
[EventRounds "7"]
[EventCountry "CAN"]
[SourceTitle "EXT 2022"]
[Source "ChessBase"]
[SourceDate "2021.10.06"]
[SourceVersion "1"]
[SourceVersionDate "2021.10.06"]
[SourceQuality "1"]

1. e4 e5 2. Nf3 d6 3. Nc3 Nf6 4. d4 exd4 5. Nxd4 Be7 6. Be3 Ng4 7. Bd2 Bf6 8. Nf3 O-O 9. Bc4 Re8 10. h3 Bxc3 11. Bxc3 Rxe4+ 12. Be2 Nf6 13. O-O Nbd7 14. Re1 h6 15. Bd3 Rxe1+ 16. Qxe1 Nd5 17. Bd2 N7f6 18. g4 Bxg4 19. hxg4 Nxg4 20. Qe4 Ndf6 21. Qxb7 Rb8 22. Qxa7 d5 23. Bc3 Ne4 24. Bxe4 dxe4 25. Qc5 exf3 26. Re1 Qh4 27. Be5 Qh3 0-1

[Event "Scarborough CC Falling Leaves U1400"]
[Site "Toronto CAN"]
[Date "2011.12.08"]
[Round "6"]
[White "Wu, Mark"]
[Black "Zhang, Taylor"]
[Result "0-1"]
[WhiteElo "979"]
[BlackElo "1186"]
[PlyCount "54"]
[GameId "2160767909639467"]
[EventDate "2011.11.03"]
[EventType "swiss"]
[EventRounds "7"]
[EventCountry "CAN"]
[SourceTitle "EXT 2022"]
[Source "ChessBase"]
[SourceDate "2021.10.06"]
[SourceVersion "1"]
[SourceVersionDate "2021.10.06"]
[SourceQuality "1"]

1. e4 e5 2. Nf3 Nc6 3. Bb5 a6 4. Ba4 Nf6 5. Nc3 Be7 6. O-O O-O 7. Bxc6 dxc6 8. Nxe5 Bd6 9. Nf3 Ng4 10. h3 Ne5 11. d4 Nxf3+ 12. Qxf3 Be7 13. d5 Bd6 14. Bf4 Bxf4 15. Qxf4 f5 16. dxc6 bxc6 17. Rad1 Qe7 18. Rfe1 fxe4 19. Rxe4 Qc5 20. Rc4 Qa7 21. Qe3 Qb8 22. b3 Bb7 23. Qe6+ Kh8 24. Rb4 Qa7 25. Ne4 Rae8 26. Qc4 Rf4 27. Qg8+ Kxg8 0-1

[Event "Scarborough CC Falling Leaves U1400"]
[Site "Toronto CAN"]
[Date "2011.12.15"]
[Round "7"]
[White "Balendra, Harigaran"]
[Black "Patel, Alay"]
[Result "1-0"]
[WhiteElo "1221"]
[BlackElo "903"]
[PlyCount "51"]
[GameId "2160767909639469"]
[EventDate "2011.11.03"]
[EventType "swiss"]
[EventRounds "7"]
[EventCountry "CAN"]
[SourceTitle "EXT 2022"]
[Source "ChessBase"]
[SourceDate "2021.10.06"]
[SourceVersion "1"]
[SourceVersionDate "2021.10.06"]
[SourceQuality "1"]

1. e4 e5 2. Nf3 Nc6 3. Bb5 Nd4 4. Nxd4 exd4 5. d3 Bb4+ 6. c3 dxc3 7. bxc3 Ba5 8. O-O c6 9. Bc4 Bc7 10. Qf3 Qe7 11. Ba3 Qe5 12. Qxf7+ Kd8 13. f4 Qf6 14. Qf8+ Qxf8 15. Bxf8 Bb6+ 16. Kh1 Nh6 17. Bxg7 Rg8 18. Bxh6 Ke8 19. Bxg8 d6 20. Bxh7 Kf7 21. e5 Be3 22. exd6 Ke6 23. f5+ Kxd6 24. Bxe3 Bxf5 25. Bxf5 Ke5 26. Re1 1-0

[Event "Scarborough CC Falling Leaves U1400"]
[Site "Toronto CAN"]
[Date "2011.12.15"]
[Round "7"]
[White "Chen, George"]
[Black "Frias, Evnato"]
[Result "1/2-1/2"]
[WhiteElo "1227"]
[BlackElo "1241"]
[PlyCount "94"]
[GameId "2160767909639470"]
[EventDate "2011.11.03"]
[EventType "swiss"]
[EventRounds "7"]
[EventCountry "CAN"]
[SourceTitle "EXT 2022"]
[Source "ChessBase"]
[SourceDate "2021.10.06"]
[SourceVersion "1"]
[SourceVersionDate "2021.10.06"]
[SourceQuality "1"]

1. d4 e6 2. c4 Nc6 3. Nf3 h6 4. g3 d5 5. cxd5 Qxd5 6. Nc3 Bb4 7. a3 Bxc3+ 8. bxc3 Nf6 9. Bg2 Qc4 10. Qc2 Nd5 11. Bb2 O-O 12. O-O Re8 13. e4 Nf6 14. Nd2 Qb5 15. e5 Nh7 16. Rfe1 Ne7 17. f4 c5 18. a4 Qb6 19. Nc4 Qc7 20. Nd6 Rd8 21. Rac1 Nf5 22. Nxf5 exf5 23. Red1 Rb8 24. Bh3 g6 25. Bg2 b5 26. axb5 Rxb5 27. Ba3 c4 28. Bd6 Qb6 29. Rb1 Rb3 30. Bc5 Qb8 31. Bd6 Qb5 32. Bc5 a5 33. Bf1 Bb7 34. Rxb3 Qxb3 35. Qxb3 cxb3 36. Rb1 a4 37. Bb5 Ra8 38. Ba3 Nf8 39. Bc4 Ba6 40. Bd5 Rc8 41. Rc1 Bc4 42. Bxc4 Rxc4 43. Kf2 Nd7 44. Ke3 Nb6 45. Kd3 Rc8 46. c4 Kg7 47. c5 Nd5 1/2-1/2

[Event "Scarborough CC Falling Leaves U1400"]
[Site "Toronto CAN"]
[Date "2011.12.15"]
[Round "7"]
[White "Liao, Jacky"]
[Black "Paraparan, Varshini"]
[Result "0-1"]
[WhiteElo "1281"]
[BlackElo "978"]
[PlyCount "62"]
[GameId "2160767909639471"]
[EventDate "2011.11.03"]
[EventType "swiss"]
[EventRounds "7"]
[EventCountry "CAN"]
[SourceTitle "EXT 2022"]
[Source "ChessBase"]
[SourceDate "2021.10.06"]
[SourceVersion "1"]
[SourceVersionDate "2021.10.06"]
[SourceQuality "1"]

1. c4 e5 2. Nc3 Nf6 3. Nf3 d6 4. g3 Be7 5. Bg2 Nc6 6. O-O O-O 7. d3 Bg4 8. a3 Qd7 9. Re1 Rfe8 10. b4 a6 11. Rb1 Na7 12. d4 Bd8 13. Bg5 h6 14. Bxf6 Bxf6 15. Nd5 Bd8 16. a4 b5 17. Ne3 Bh3 18. Bh1 bxa4 19. Nxe5 dxe5 20. Bxa8 exd4 21. Nc2 c6 22. Qxd4 Qxd4 23. Nxd4 Bf6 24. Bxc6 Rc8 25. b5 Bxd4 26. Bb7 Rxc4 27. bxa6 Bc8 28. Rec1 Rxc1+ 29. Rxc1 Be6 30. Be4 a3 31. Rd1 a2 0-1

[Event "Scarborough CC Falling Leaves U1400"]
[Site "Toronto CAN"]
[Date "2011.12.15"]
[Round "7"]
[White "Mendrinos, Ari"]
[Black "Kaneshalingam, Mathanhe"]
[Result "1-0"]
[WhiteElo "1393"]
[BlackElo "993"]
[PlyCount "87"]
[GameId "2160767909639474"]
[EventDate "2011.11.03"]
[EventType "swiss"]
[EventRounds "7"]
[EventCountry "CAN"]
[SourceTitle "EXT 2022"]
[Source "ChessBase"]
[SourceDate "2021.10.06"]
[SourceVersion "1"]
[SourceVersionDate "2021.10.06"]
[SourceQuality "1"]

1. c4 e5 2. Nc3 Nf6 3. g3 Nc6 4. Bg2 Bb4 5. Ne4 Nxe4 6. Bxe4 Qf6 7. Nf3 O-O 8. O-O Bc5 9. b3 d6 10. d3 h6 11. e3 Bh3 12. Re1 Rab8 13. Nh4 Ne7 14. Qf3 Qxf3 15. Bxf3 g5 16. Ng2 g4 17. Be2 Bxg2 18. Kxg2 h5 19. h3 f5 20. hxg4 fxg4 21. Rf1 Rf7 22. e4 Rbf8 23. Be3 Bxe3 24. fxe3 Rxf1 25. Rxf1 c5 26. Rh1 Rf7 27. Rxh5 Rg7 28. Rh6 Nc8 29. Rh4 b6 30. Bxg4 Ne7 31. Be6+ Kf8 32. Rh8+ Ng8 33. Rxg8+ Rxg8 34. Bxg8 Kxg8 35. Kh3 Kg7 36. g4 Kg6 37. Kh4 a6 38. a4 a5 39. g5 Kf7 40. Kh5 Kg7 41. g6 Kf8 42. Kh6 Kg8 43. g7 d5 44. exd5 1-0

[Event "Scarborough CC Falling Leaves U1400"]
[Site "Toronto CAN"]
[Date "2011.12.15"]
[Round "7"]
[White "Ming, Qing"]
[Black "Jimenez, Michael"]
[Result "1-0"]
[WhiteElo "1147"]
[BlackElo "838"]
[PlyCount "125"]
[GameId "2160767909639475"]
[EventDate "2011.11.03"]
[EventType "swiss"]
[EventRounds "7"]
[EventCountry "CAN"]
[SourceTitle "EXT 2022"]
[Source "ChessBase"]
[SourceDate "2021.10.06"]
[SourceVersion "1"]
[SourceVersionDate "2021.10.06"]
[SourceQuality "1"]

1. g3 e5 2. Bg2 Nf6 3. d3 h6 4. Nf3 Nc6 5. Nc3 Bc5 6. Na4 Be7 7. b3 d5 8. Bb2 Bd6 9. O-O O-O 10. e3 Be6 11. Re1 Qd7 12. e4 dxe4 13. dxe4 Bg4 14. Qd2 Rfe8 15. a3 b5 16. Nc3 b4 17. Nb5 a6 18. Nxd6 Qxd6 19. Qxd6 cxd6 20. Rad1 Rad8 21. c3 bxa3 22. Bxa3 d5 23. h3 Be6 24. exd5 Rxd5 25. Rxd5 Bxd5 26. c4 Be6 27. Nxe5 Nd4 28. Rb1 Bf5 29. Rd1 Nc2 30. Bd6 Rd8 31. Nc6 Rd7 32. Ne7+ Kh8 33. Nxf5 g6 34. Nxh6 Kg7 35. Ng4 Nb4 36. Nxf6 Kxf6 37. Be5+ Ke6 38. Rxd7 Kxd7 39. Bd5 Ke7 40. f4 f6 41. Bc3 Nd3 42. Ba5 Kd6 43. b4 Nb2 44. Bf7 Ke7 45. Bxg6 Nxc4 46. h4 Ne3 47. Bd3 Nf5 48. Bxf5 Kd6 49. h5 Ke7 50. Bd3 Kf7 51. Bxa6 Kg7 52. g4 Kh6 53. b5 Kg7 54. b6 Kh6 55. b7 Kg7 56. b8=Q Kf7 57. Bc4+ Ke7 58. Bb4+ Kd7 59. Qb7+ Kd8 60. Qe7+ Kc8 61. Be6+ Kb8 62. Bd6+ Ka8 63. Bd5# 1-0